Mathematical methods (Record no. 550)

MARC details
000 -LEADER
Fixed length control field 00446nam a2200169 4500
003 - CONTROL NUMBER IDENTIFIER
Control field SEACOMEC
005 - DATE AND TIME OF LATEST TRANSACTION
Control field 20240130152911.0
008 - FIXED-LENGTH DATA ELEMENTS--GENERAL INFORMATION
Fixed length control field 240130b |||||||| |||| 00| 0 eng d
020 ## - INTERNATIONAL STANDARD BOOK NUMBER / ISBN
Price Rs.195.00
040 ## - CATALOGING SOURCE
Original cataloging agency SEACOMEC
082 ## - DEWEY DECIMAL CLASSIFICATION NUMBER
Classification number 518.6
Book Number S774
100 ## - MAIN ENTRY--PERSONAL NAME
Personal name Sri Ramachary,S.K.V.S.
245 1# - TITLE STATEMENT
Title Mathematical methods
Statement of responsibility S.K.V.S. Sri Ramachary
260 ## - IMPRINT
Place of publication Hyderabad
Name of publisher B S Publications
650 ## - SUBJECT ADDED ENTRY--TOPICAL TERM
Topical term mathematics,Numerical analysis
942 ## - ADDED ENTRY ELEMENTS (KOHA)
Koha item type Books
Holdings
Withdrawn status Lost status Source of classification Damaged status Not for loan Home library Current library Date acquired Total Checkouts Call number Accession number Date last seen Copy number Price effective from Koha item type
    Dewey Decimal Classification     SEACOM ENGINEERING COLLEGE SEACOM ENGINEERING COLLEGE 06/06/2006   518.6 S774 01974 30/01/2024 2 30/01/2024 Books
    Dewey Decimal Classification     SEACOM ENGINEERING COLLEGE SEACOM ENGINEERING COLLEGE 06/06/2006   518.6 S774 01975 30/01/2024 3 30/01/2024 Books
© Seacom Engineering College, All rights reserved.      Powered by Koha